000 00634nam a2200241 a 4500
999 _c6288
_d6288
003 PK-NaQUE
005 20250519095817.0
008 250519b ||||| |||| 00| 0 eng d
020 _a0534932193
020 _a978-0534932190
040 _cQUEST
082 _a519.4BUR
100 1 _aBurden, Richard L
245 1 0 _aNumerical Analysis
250 _a5th ed.
260 _aBoston:
_bPWS-Publishing Comany,
_c2000.
300 _aXIV,768p.
650 _aNumerical analysis
650 _aMathematics
700 _aFaires, J. Douglas.
856 4 0 _uhttp://10.10.170.122:8080/browse/book/26242
_yDownload eBook
942 _cBK
_2ddc